Wo steckt der Fehler? : mathematische Trugschlusse und Warnzeichen

Αποθηκεύτηκε σε:
Λεπτομέρειες βιβλιογραφικής εγγραφής
Κύριος συγγραφέας: Lietzmann, Walther, 1880-1959
Μορφή: Βιβλίο
Γλώσσα:German
Δημοσίευση: Leipzig : B.G. Teubner, 1966
Σειρά:Mathematische Schulerbucherei ; ; 11
Θέματα:
Ετικέτες: Προσθήκη ετικέτας
Δεν υπάρχουν, Καταχωρήστε ετικέτα πρώτοι!

MARC

LEADER 00000cam a2200000 i 4500
001 1/6422
008 100414s1966 ger d
035 |l 10107505 
040 |a GR-MY-UA  |b gre  |e aacr 
041 0 |a ger 
082 0 |a 793.74  |2 (22) 
100 1 |a Lietzmann, Walther,   |d 1880-1959. 
245 1 0 |a Wo steckt der Fehler? :  |b mathematische Trugschlusse und Warnzeichen /  |c W. Lietzmann 
260 |a Leipzig :   |b B.G. Teubner,   |c 1966 
300 |a 192 σ.;  |b σχέδια;  |c 19 εκ. 
490 1 |a Mathematische Schulerbucherei  |v ; 11 
500 |a Vierte Auflage, uberarbeitet und erganzt von W. Oberlander und E. Ludwig 
500 |a Mit 95 Abbilbungen 
650 0 0 |a Mathematical recreations. 
830 0 |a Mathematische Schulerbucherei ;  |v ; 11 
852 |a INST  |b SAMOS  |c MAG  |e 20100414  |h 793.74 LIE  |p 005300032041  |q 005300032041  |t BK  |y 0 
901 |a BIBL3-2010-1 
909 |a Σ  |b 162162 
970 |a ΡΟΥΣΣΟΥ  |b ΚΩΝΣΤΑΝΤΙΝΑ  |z 2010/04/14